Διαθεματική προσέγγιση των ιδιωματικών ονομάτων των φυτών και φυτώνυμων τοπωνυμίων της Ρόδου με ανάπτυξη και εφαρμογή project για το περιβάλλον : διδακτορική διατριβή

Αποθηκεύτηκε σε:
Λεπτομέρειες βιβλιογραφικής εγγραφής
Κύριος συγγραφέας: Παπαβασιλείου, Βασίλειος Φ.
Συγγραφή απο Οργανισμό/Αρχή: Πανεπιστήμιο Αιγαίου Σχολή Ανθρωπιστικών Σπουδών Τμήμα Επιστημών Προσχολικής Αγωγής και Εκπαιδευτικού Σχεδιασμού
Άλλοι συγγραφείς: Καΐλα, Μαρία Α. (Εισηγητής διατριβής)
Μορφή: Thesis Βιβλίο
Γλώσσα:Greek
Δημοσίευση: 2009
Θέματα:
Διαθέσιμο Online:http://hdl.handle.net/11610/10897
Ετικέτες: Προσθήκη ετικέτας
Δεν υπάρχουν, Καταχωρήστε ετικέτα πρώτοι!

MARC

LEADER 00000cam a2200000 i 4500
001 1/4495
008 100216s2009 gr ||| | gre||
035 |l 10106796 
040 |a GR-MY-UA  |b gre  |e aacr 
041 0 |a gre 
082 0 |a 910.014   |2 (22) 
100 1 |a Παπαβασιλείου, Βασίλειος Φ. 
245 1 0 |a Διαθεματική προσέγγιση των ιδιωματικών ονομάτων των φυτών και φυτώνυμων τοπωνυμίων της Ρόδου με ανάπτυξη και εφαρμογή project για το περιβάλλον :   |b διδακτορική διατριβή /   |c Βασίλειος Παπαβασιλείου ; επιβλέπουσα: Μαρία Καΐλα. 
260 |c 2009 
300 |a 668 σ.;   |b έγχρ. εικ.;   |c 30 εκ. 
500 |a Μέλη εξεταστικής επιτροπής: Γεωργόπουλος Αλέξανδρος...[κ.ά.] 
502 |a Διατριβή (διδακτορική) – Πανεπιστήμιο Αιγαίου, Ρόδος, 2009. 
504 |a Βιβλιογραφία: σ. 445-473 
650 0 0 |a Names, Geographical  |z Greece  |z Rhodes (Island) 
650 0 |a Toponymy  |z Greece  |z Rhodes (Island) 
650 0 |a Plants  |z Greece  |z Rhodes (Island) 
650 0 0 |a Phytogeography. 
650 0 0 |a Dissertations, Academic  |z Greece. 
700 1 |4 ths  |a Καΐλα, Μαρία Α. 
710 2 |a Πανεπιστήμιο Αιγαίου  |b Σχολή Ανθρωπιστικών Σπουδών  |b Τμήμα Επιστημών Προσχολικής Αγωγής και Εκπαιδευτικού Σχεδιασμού. 
852 |a INST  |b RHODES  |c DIATR  |e 20100216  |h 910.014 ΠΑΠ  |p 005400032348  |q 005400032348  |t PHD  |y 23 
852 |a INST  |b RHODES  |c DIATR  |e 20100216  |h 910.014 ΠΑΠ  |p 005400032349  |q 005400032349  |t PHD  |y 23 
856 |u http://hdl.handle.net/11610/10897 
901 |a BIBL4-2010-1 
909 |a Ρ  |b 159600 
909 |a Ρ  |b 159601 
924 |a ΠΑΠΑΒΑΣΙΛΕΙΟΣ  |b ΒΑΣΙΛΕΙΟΣ  |y Ρόδος  |z 2009-09 
970 |a ΚΟΖΑ  |b ΜΑΡΙΑ  |z 2010/02/16